000 00421pab a2200169 454500
008 180718b2014 xxu||||| |||| 00| 0 eng d
100 _aRanade, Jayadeva
245 _aThe future of China-Pakistan relations
260 _c2014
300 _ap.62-68.
362 _aDec
650 _aChina - Foreign relations - Pakistan
650 _aInternational relations
773 _aSeminar
908 _aN
909 _a106289
999 _c106284
_d106284